Topology and Geometry for Physicists (Record no. 530984)
[ view plain ]
| 000 -LEADER | |
|---|---|
| fixed length control field | 00357nam a2200133Ia 4500 |
| 008 - FIXED-LENGTH DATA ELEMENTS--GENERAL INFORMATION | |
| fixed length control field | 191014s9999 xx 000 0 und d |
| 020 ## - INTERNATIONAL STANDARD BOOK NUMBER | |
| International Standard Book Number | 0-12-514080-0 |
| 082 ## - DEWEY DECIMAL CLASSIFICATION NUMBER | |
| Classification number | 514 |
| Author Mark | NAS |
| 100 ## - MAIN ENTRY--PERSONAL NAME | |
| Personal name | Charles Nash Siddhartha Sen |
| 9 (RLIN) | 20404 |
| 245 #0 - TITLE STATEMENT | |
| Title | Topology and Geometry for Physicists |
| 260 ## - PUBLICATION, DISTRIBUTION, ETC. | |
| Place of publication, distribution, etc. | London |
| Name of publisher, distributor, etc. | Academic Press |
| Date of publication, distribution, etc. | 1983 |
| 300 ## - PHYSICAL DESCRIPTION | |
| Extent | X,311 |
| 942 ## - ADDED ENTRY ELEMENTS (KOHA) | |
| Koha item type | Book |
| Withdrawn status | Lost status | Damaged status | Not for loan | Permanent Location | Current Location | Date acquired | Source of acquisition | Cost, normal purchase price | Total Checkouts | Full call number | Barcode | Date last seen | Price effective from | Koha item type |
|---|---|---|---|---|---|---|---|---|---|---|---|---|---|---|
| School of Natural Sciences (SNS) | School of Natural Sciences (SNS) | 10/15/2019 | Donation | 0.00 | 514NAS | SNS0002761 | 10/15/2019 | 10/15/2019 | Book |
